000
00302nam a22001097a 4500
082
_a
629.224 GRA'A
100
_a
GRAHAM, FRANK D
_9
42150
245
_a
AUDELS TRUCK AND TRACTOR GUIDE FOR MECHANICS AND DRIVERS OF GAS AND DIESEL MOTORS
260
_a
NEWYORK
_b
AUDEL
_c
1960
300
_a
1298P
942
_c
BK
999
_c
568926
_d
568926